Special Lectures 2004 Corporate and Commercial Law

Bibliographic Details
Format: eBook
Language:English
Published: Toronto: Irwin Law Inc., 2005
Subjects:
Online Access:Acceso restringido

MARC

LEADER 00000nam a22000007a 4500
005 20210831222724.0
007 cr|||| ||||
008 210831s2005 ca |||||s|||| 00||0 eng d
020 |a 9781459313743 
035 |a 35322 
040 |a vLex 
090 |c 12185  |d 12185 
245 0 0 |a Special Lectures 2004  |h [Recurso electrn̤ico] :  |b Corporate and Commercial Law 
256 |a Servicio en ln̕ea 
260 |a Toronto:  |b Irwin Law Inc.,  |c 2005 
300 |a 1 recurso electrn̤ico 
500 |a Special Lectures 2004: Corporate and Commercial Law is the first Law Society of Upper Canada Special Lectures programme devoted exclusively to either corporate or commercial law since 1985. The book explores new developments in corporate and securities law, including the Ontario Securities Commission’s new governance rules, and the shifting corporate governance landscape. It also examines recent trends in commercial practice, including non-traditional business vehicles, business restructurings, and critical issues in purchase agreements. Program Chairs: Carol Hansell, Davies Ward Phillips & Vineberg LLP Robin J. MacKnight, Wilson Vukelich LLP Gary R. Shiff, Blake, Cassels & Graydon LLP Alison J. Youngman, Stikeman Elliott LLP 
506 1 |a Disponible solo en los productos indicados  |d vLex Global  |d vLex Global (Academic Edition, excluding Law Schools)  |d vLex Global (U.S. Academic Edition, Law Schools)  |d vLex Global (U.S. Academic Edition, excluding Law Schools)  |d vLex Global (Academic Edition, Law Schools) 
650 0 4 |a Derecho Mercantil y de la Empresa  |z Canad̀ 
740 0 |a vLex Libros (Servicio en ln̕ea) 
856 4 0 |u https://app.vlex.com/#/sources/35322  |z Acceso restringido 
942 |c BOOK 
999 0 |a Commercial and Company Law